| 000 | 00396nam a22001457a 4500 | ||
|---|---|---|---|
| 999 |
_c12568 _d12568 |
||
| 008 | 210208b ||||| |||| 00| 0 eng d | ||
| 082 | 0 | 0 |
_a623.854 _bB4711 |
| 100 |
_94703 _aBennett, A. J. S. |
||
| 245 | 1 | 0 |
_aShip fire prevention _cby A. J. S. Bennett |
| 260 |
_aOxford _bPergamon Press _c1964 |
||
| 300 | _a230p. | ||
| 365 | _d21.00 | ||
| 650 | 0 | _aShips-- Fires and Fire Prevention | |
| 942 | _cBK | ||